| 000 | 00704nam a22002177a 4500 | ||
|---|---|---|---|
| 999 |
_c6208 _d6208 |
||
| 003 | AR-CdUCM | ||
| 008 | 190313b ||||| |||| 00| 0 spa d | ||
| 040 |
_aMUNICIPALIDAD PROVINCIAL DEL CUSCO _cBIBLIOTECA MUNICIPAL DEL CUSCO |
||
| 082 |
_a868.964 / _bC27 |
||
| 100 |
_aCarpentier, Alejo _9216 |
||
| 245 | _aLa consagración de la primavera / | ||
| 260 |
_aLa habana : _bEditorial letras cubanas. _c1979. |
||
| 300 |
_a474 paginas ; _c21 cm. |
||
| 500 | _aDonación familia Nieto. | ||
| 505 | _aContenido :La consagración de la primavera. | ||
| 650 |
_aNovelas cubanas _96366 |
||
| 650 |
_aLiteratura cubana _9668 |
||
| 650 |
_aLiteratura del siglo xx _97647 |
||
| 942 |
_2ddc _cLIBROS |
||
| 945 | _arum | ||